| 000 | 00743nam a2200229 i 4500 | ||
|---|---|---|---|
| 001 | 140798 | ||
| 003 | ES-MaACL | ||
| 005 | 20250702063103.0 | ||
| 007 | t| | ||
| 008 | 070917s1937 sp ||||1| spa d | ||
| 100 | 1 |
_aWilde, Oscar, _d1854-1900 _9241147 |
|
| 245 | 1 | 4 |
_aUna mujer sin importancia _b: ; El abanico de Lady Windermere ; y La importancia de ser formal / _cOscar Wilde. |
| 250 | _a2ยช ed. | ||
| 260 |
_aMadrid : _bBiblioteca Nueva, _c1937. |
||
| 300 |
_a303 p. ; _c19 cm. |
||
| 490 | 1 |
_aObras escogidas ; _v10 |
|
| 740 | 3 | _aEl abanico de Lady Windermere. | |
| 740 | 3 | _aLa importancia de ser formal. | |
| 830 | 0 |
_aObras escogidas ; _v10 _9187185 |
|
| 852 |
_aES-MaACL _jE-942 _bR.24196 |
||
| 999 |
_c140798 _d140798 |
||